"Märkische Heide": (Titelsatznr. 373839)
[ MARC ]
| 000 -Satzkennung | |
|---|---|
| Kontrollfeld mit fester Länge | 00451nam a2200133 4500 |
| 008 - Feld mit fester Länge zur physischen Beschreibung - Allgemeine Angaben | |
| Kontrollfeld mit fester Länge | 250701b |||||||| |||| 00| 0 eng d |
| 040 ## - Katalogisierungsquelle | |
| Original-Katalogisierungsstelle | DE-2950 |
| Übertragungsstelle | DE-2950 |
| 245 ## - Titel | |
| Titel | "Märkische Heide": |
| Zusatz zum Titel | Lieder aus dem Land Brandenburg/ |
| Verfasserangabe etc. | Wolf Rüdiger Ruthenberg |
| 260 ## - Publikation, Vertrieb usw. (Erscheinungsvermerk) | |
| Erscheinungsort, Vertriebsort etc. | Frankfurt (Oder): |
| Name des Verlags, des Vertriebs etc. | Oderland Musikverlag, |
| Date of publication, distribution, etc | 1990 |
| 300 ## - Physische Beschreibung | |
| Umfang | 22 S.: Noten |
| 500 ## - Allgemeine Fußnote | |
| Allgemeine Fußnote | Enth.: Widmung des Herausgebers für Wolfgang Pohl (OB) |
| 653 ## - Indexierungsterm - Nicht normiert | |
| Nicht-normierter Term | Liederbuch |
| 942 ## - Zusätzliche Felder (Koha) | |
| Klassifikation oder Aufstellungssystematik | Andere/Generische Klassifikation |
| Koha-Medientyp | Bücher |
| Ausgeschieden | Verloren | Klassifikation oder Aufstellungssystematik | Beschädigt | Nicht entleihbar | Permanenter Standort | Aktueller Standort | Aufstellungsort | Erwerbungsdatum | Lieferant | Anzahl Ausleihen | Signatur | Letzte Aktivität | Exemplarnummer | Preis gültig von | Medientyp |
|---|---|---|---|---|---|---|---|---|---|---|---|---|---|---|---|
| Andere/Generische Klassifikation | Stadtarchiv Frankfurt (Oder) | Archivbibliothek | Stadtarchiv Frankfurt (Oder) | Archivbibliothek | Magazin | 01/07/2025 | OB-Büro | II: 5145 | 01/07/2025 | 52/2025 | 01/07/2025 | Bücher |